LEADER 00630naa a2200145 i 4500 001 000000302617 003 CaOOAMICUS 005 20180831172744.0 008 180831n xx u000 u und u 013 $a10350 040 $aSeMil$bita 100 1 $aBiletsi, Onim .$0(OLS)http://semarc/name/86868 245 12$aL'inculturation de l'Ethique chrétienne en Afrique. 773 0 $aSemaine Théologique <6. ; 1987 ; Kinshasa>$tÉthique chrétienne et sociétés africaines.$dKinshasa : Faculté de théologie catholique, 1987.$w()36425 996 $6245$aL'inculturation de l'Ethique chrétienne en Afrique$9(OLS)http://semarc/title/378586 LEADER 01187nam a2200265 i 4500 001 000000126153 003 CaOOAMICUS 005 20060109000000.0 008 060109s1989 it u000 u ita u 013 $a98855 020 $a88-343-6004-4 040 $aSeMil$bita 245 10$aPassioni della mente e della storia :$bprotagonisti, teorie e vicende della psichiatria italiana tra '800 e '900 /$ca cura di F.M. Ferro ... [et. al.]. 260 $aMilano :$bVita e Pensiero,$c1989. 300 $a685 p. ;$c22 cm. 500 $aFondo Card. C.M. Martini. 650 4$aPsichiatria - Italia - Sec. 19.-20.$0(OLS)http://semarc/subject/24602 700 1 $aFerro, Filippo Maria.$0(OLS)http://semarc/name/22095 850 $aSeMil 852 $aSeMil$W1$xVenegono$y1$m2O V 61$j80546$B80546$CSeMilBibl$Z2$F107789 $81 941 1 $a4 961 $aOmaggio: Martini Card. Carlo Maria 996 $6020$a88-343-6004-4$9(OLS)http://semarc/number/112247 996 $6245$aPassioni della mente e della storia :$bprotagonisti, teorie e vicende della psichiatria italiana tra '800 e '900$9(OLS)http://semarc/title/185906 996 $6260$aMilano :$bVita e Pensiero$9(OLS)http://semarc/publisher/29642